| 000 | 01862cam a2200373 i 4500 | ||
|---|---|---|---|
| 003 | SA-RiAUC | ||
| 005 | 20250616072159.0 | ||
| 008 | 250614s2006 le g b 000 0 ara c | ||
| 020 | _a2745170929 | ||
| 020 | _a2745149983 | ||
| 020 | _a9782745149985 | ||
| 020 | _a2745149989 | ||
| 024 | 0 | _a33000000009653 | |
| 024 | 0 | _a77000000004372 | |
| 040 |
_aSA-BaBAHAU _bara _cSA-RiAUC _erda |
||
| 050 | 4 | _b.K36 2006 | |
| 082 | 0 | 4 |
_a232.89 _qSA-RiAUC |
| 090 |
_a232.89 _b ب ن ت ك |
||
| 100 | 1 |
_aبنت الكمال، زينب بنت أحمد بن عبد الرحيم، _d646-740 هجري _eمؤلف. |
|
| 245 | 1 | 2 |
_aالأحاديث الموافقات العوالي / _cللحافظة زينب بنت كمال الدين أحمد بن عبد الرحيم المقدسية ؛ تخريج الحافظ أبي محمد علم الدين القاسم بن محمد البرزالي ؛ دراسة وتحقيق مصطفى إسماعيل مصطفى سعيد العبيدي. |
| 250 | _aالطبعة الأولى. | ||
| 264 | 1 |
_aبيروت : _bدار الكتب العلمية، _c2006 |
|
| 300 |
_a118 صفحة ؛ _c24 سم |
||
| 336 |
_aنص _btxt _2rdacontent _3كتاب |
||
| 337 |
_aبدون وسيط _bn _2rdamedia |
||
| 338 |
_aمجلد _bnc _2rdacarrier |
||
| 504 | _aببليوجرافية : صفحة 105-116. | ||
| 650 | 7 |
_aالحديث _xإسناد _2aucsh |
|
| 700 | 1 | 2 |
_iتحقيق (عمل) _aبنت الكمال، زينب بنت أحمد بن عبد الرحيم، _d646-740 هجري. _tالأحاديث الموافقات العوالي. |
| 700 | 1 |
_aالعبيدي، مصطفى إسماعيل مصطفى سعيد _eمحقق. |
|
| 700 | 1 |
_aعلم الدين البرزالي، القاسم بن محمد بن يوسف، _d665-739 هجري _eمخرج أحاديث. |
|
| 942 |
_2ddc _cBOOK _n0 |
||
| 949 |
_aSA-JeALM _d250614 _umohamedma123 _n1 |
||
| 999 |
_c9018 _d9018 |
||